000
00348 a2200145 4500
999
_c
12236
_d
12236
003
OSt
005
20240117154524.0
008
240117b ||||| |||| 00| 0 eng d
020
_a
978-9627723646
082
_a
720
100
_a
COLLECTIF PACE PUBLISHING
245
_a
The 2nd IF design award
260
_b
PACE PUBLISHING
_c
2009
942
_2
ddc